La guerra civil española

Saved in:
Bibliographic Details
Main Author: Vilar, Pierre (Author)
Format: Book
Language:Spanish
Published: Barcelona Crítica 1986
Series:Serie general. Temas hispánicos, 155
Subjects:
Tags: Add Tag
No Tags, Be the first to tag this record!

MARC

LEADER 00000nam a2200000 a 4500
001 UCX2577
003 CL-VaPUC
008 910627e19860000SP |||||||||||||||||spa|d
082 0 4 |a 946.081  |b VIL  |2 21 
100 0 |a Vilar, Pierre  |e author  |9 318551 
245 1 3 |a La guerra civil española 
300 |a 184 p 
942 |c BK 
945 |d 19910627 00:00:00 
260 |a Barcelona  |b Crítica  |c 1986 
650 7 |a HISTORIA GUERRA CIVIL 1936-1939  |2 CL-VaPUC  |9 318552 
651 0 |a España  |9 254926 
583 |a last modification  |c 19910627 00:00:00  |k Rodrigo Vera 
490 0 |a Serie general. Temas hispánicos, 155 
999 |c 223570  |d 223568 
952 |0 0  |1 0  |4 0  |6 946_081000000000000_VIL_1986  |7 0  |8 A  |9 219510  |a BIBHIS  |b BIBHIS  |d 2019-11-15  |i 2882183  |o 946.081 VIL 1986  |p 2882183  |r 2025-01-20  |w 2019-11-15  |y BK  |k HIS 
952 |0 0  |1 0  |4 0  |6 946_081000000000000_VIL_1986  |7 0  |8 A  |9 219511  |a BIBHIS  |b BIBHIS  |d 2019-11-15  |i 2882191  |l 2  |o 946.081 VIL 1986  |p 2882191  |r 2025-01-20  |s 2023-06-27  |w 2019-11-15  |y BK  |k HIS